The culture of surveillance : (Record no. 6873)
[ view plain ]
| 000 -LEADER | |
|---|---|
| fixed length control field | 01109cam a2200301 4500 |
| 001 - CONTROL NUMBER | |
| control field | 7989 |
| 005 - DATE AND TIME OF LATEST TRANSACTION | |
| control field | 20181127184832.0 |
| 008 - FIXED-LENGTH DATA ELEMENTS--GENERAL INFORMATION | |
| fixed length control field | 960530s1997 nyu b 001 0 eng d |
| 010 ## - LIBRARY OF CONGRESS CONTROL NUMBER | |
| LC control number | 95073185 |
| 020 ## - INTERNATIONAL STANDARD BOOK NUMBER | |
| International Standard Book Number | 0312119623 (pbk.) |
| International Standard Book Number | 031217280X |
| 082 00 - DEWEY DECIMAL CLASSIFICATION NUMBER | |
| Classification number | 303.3/3/0973 |
| Edition number | 21 |
| 100 1# - MAIN ENTRY--PERSONAL NAME | |
| Personal name | Staples, William G. |
| 245 14 - TITLE STATEMENT | |
| Title | The culture of surveillance : |
| Remainder of title | discipline and social control in the United States / |
| Statement of responsibility, etc. | William G. Staples. |
| 246 30 - VARYING FORM OF TITLE | |
| Title proper/short title | Discipline and social control in the United States |
| 260 ## - PUBLICATION, DISTRIBUTION, ETC. | |
| Place of publication, distribution, etc. | New York, NY : |
| Name of publisher, distributor, etc. | St. Martin's Press, |
| Date of publication, distribution, etc. | c1997. |
| 300 ## - PHYSICAL DESCRIPTION | |
| Extent | xi, 144 p. ; |
| Dimensions | 24 cm. |
| 490 1# - SERIES STATEMENT | |
| Series statement | Contemporary social issues |
| 504 ## - BIBLIOGRAPHY, ETC. NOTE | |
| Bibliography, etc. note | Includes bibliographical references (p. 137-138) and index. |
| 650 #0 - SUBJECT ADDED ENTRY--TOPICAL TERM | |
| Topical term or geographic name entry element | Electronic surveillance |
| General subdivision | Social aspects |
| Geographic subdivision | United States. |
| Topical term or geographic name entry element | Liberty. |
| Topical term or geographic name entry element | Privacy |
| Geographic subdivision | United States. |
| Topical term or geographic name entry element | Social control |
| Geographic subdivision | United States. |
| 651 #0 - SUBJECT ADDED ENTRY--GEOGRAPHIC NAME | |
| Geographic name | United States |
| General subdivision | Social conditions |
| Chronological subdivision | 1980- |
| Geographic name | United States |
| General subdivision | Social policy |
| Chronological subdivision | 1993- |
| 830 #0 - SERIES ADDED ENTRY--UNIFORM TITLE | |
| Uniform title | Contemporary social issues (New York, N.Y.) |
| Withdrawn status | Lost status | Source of classification or shelving scheme | Damaged status | Not for loan | Collection code | Home library | Current library | Shelving location | Date acquired | Serial Enumeration / chronology | Inventory number | Total Checkouts | Full call number | Barcode | Date last seen | Price effective from | Koha item type |
|---|---|---|---|---|---|---|---|---|---|---|---|---|---|---|---|---|---|
| Dewey Decimal Classification | Main TEST | RTC Library | RTC Library | Main opac | 12/01/2022 | 12073 | 303.3 STA | 30011725 | 12/01/2022 | 27/11/2018 | Main |